00660nam a2200193Ia 4500952015500000999001500155003000400170005001700174008004100191020001800232040000900250082001800259100002300277245004400300260005000344300001000394650002000404942004200424 00102ddc40708ACCOUNTINGaMESbMEScACCOUNTINGd2019-02-20g698.00l1o657.42 MAD/Ap37198r2020-02-04 00:00:00s2020-02-04w2019-02-20yBKzGL56R3 c7916d7916OSt20200114130733.0190216s9999||||xx |||||||||||||| ||und|| a9789350514672 coclc a657.42bMAD/A aMadegowda, J91184 0aAdvanced Cost Accounting /cJ Madegowda bHimalaya Publishing House,c2012.aNew Delhi: a1074p aCost Accounting cBK2ddch657.42iMAD/Ak657.42mMAD/A